<?xml version="1.0" encoding="UTF-8"?>
<record
    xmlns:xsi="http://www.w3.org/2001/XMLSchema-instance"
    xsi:schemaLocation="http://www.loc.gov/MARC21/slim http://www.loc.gov/standards/marcxml/schema/MARC21slim.xsd"
    xmlns="http://www.loc.gov/MARC21/slim">

  <leader>01277nam a2200289 a 4500</leader>
  <controlfield tag="001">C01477545c-7</controlfield>
  <controlfield tag="003">CO-ViMGA</controlfield>
  <controlfield tag="005">20230915233140.0</controlfield>
  <controlfield tag="008">150316n        ck o   gr     00010 spa d</controlfield>
  <datafield tag="040" ind1=" " ind2=" ">
    <subfield code="a">CO-ViMGA</subfield>
    <subfield code="b">spa</subfield>
    <subfield code="c">CO-ViMGA</subfield>
  </datafield>
  <datafield tag="043" ind1=" " ind2=" ">
    <subfield code="a">s-ck---</subfield>
  </datafield>
  <datafield tag="082" ind1="0" ind2="4">
    <subfield code="a">709.86  </subfield>
    <subfield code="b">M87m9 </subfield>
    <subfield code="2">20</subfield>
  </datafield>
  <datafield tag="110" ind1="2" ind2=" ">
    <subfield code="a">Museo Comunitario de San Jacinto (Bol&#xED;var, Colombia)</subfield>
    <subfield code="9">4497</subfield>
  </datafield>
  <datafield tag="240" ind1="1" ind2="0">
    <subfield code="a">Bol&#xED;var-Bibliograf&#xED;a regional</subfield>
  </datafield>
  <datafield tag="245" ind1="1" ind2="0">
    <subfield code="a">Museo Comunitario de San Jacinto / </subfield>
    <subfield code="c">fotograf&#xED;a Fabi&#xE1;n Ricardo &#xC1;lvarez, Ricardo Maldonado Rozo.</subfield>
  </datafield>
  <datafield tag="260" ind1=" " ind2=" ">
    <subfield code="a">San Jacinto : </subfield>
    <subfield code="b">Museo Comunitario de San Jacinto, </subfield>
    <subfield code="c">[fecha de publicaci&#xF3;n no identificada]</subfield>
  </datafield>
  <datafield tag="300" ind1=" " ind2=" ">
    <subfield code="a">47 p&#xE1;ginas : </subfield>
    <subfield code="b">fotograf&#xED;as ; </subfield>
    <subfield code="c">14 x 22 cm.</subfield>
  </datafield>
  <datafield tag="610" ind1="2" ind2="4">
    <subfield code="a">Museo Comunitario de San Jacinto (Bol&#xED;var, Colombia)</subfield>
    <subfield code="v"> Colecciones.</subfield>
    <subfield code="9">4499</subfield>
  </datafield>
  <datafield tag="610" ind1="2" ind2="4">
    <subfield code="a">Museo Comunitario de San Jacinto (Bol&#xED;var, Colombia)</subfield>
    <subfield code="x"> Historia.</subfield>
    <subfield code="9">4498</subfield>
  </datafield>
  <datafield tag="650" ind1="1" ind2="4">
    <subfield code="a">Arte ind&#xED;gena</subfield>
    <subfield code="z"> Colombia</subfield>
    <subfield code="v"> Colecciones.</subfield>
    <subfield code="9">4502</subfield>
  </datafield>
  <datafield tag="650" ind1="1" ind2="4">
    <subfield code="a">Arte precolombino</subfield>
    <subfield code="z"> Colombia</subfield>
    <subfield code="v"> Colecciones.</subfield>
    <subfield code="9">4501</subfield>
  </datafield>
  <datafield tag="650" ind1="1" ind2="4">
    <subfield code="a">Cer&#xE1;mica precolombina</subfield>
    <subfield code="z"> Colombia</subfield>
    <subfield code="v"> Colecciones.</subfield>
    <subfield code="9">4500</subfield>
  </datafield>
  <datafield tag="700" ind1="1" ind2=" ">
    <subfield code="a">&#xC1;lvarez, Fabi&#xE1;n Ricardo, </subfield>
    <subfield code="e">fot&#xF3;grafo.</subfield>
    <subfield code="9">4504</subfield>
  </datafield>
  <datafield tag="700" ind1="1" ind2=" ">
    <subfield code="a">Maldonado Rozo, Ricardo, </subfield>
    <subfield code="e">fot&#xF3;grafo.</subfield>
    <subfield code="9">4503</subfield>
  </datafield>
  <datafield tag="942" ind1=" " ind2=" ">
    <subfield code="2">ddc</subfield>
    <subfield code="c">BK</subfield>
  </datafield>
  <datafield tag="949" ind1=" " ind2=" ">
    <subfield code="a">n                                     </subfield>
    <subfield code="b">n</subfield>
  </datafield>
  <datafield tag="999" ind1=" " ind2=" ">
    <subfield code="c">35757</subfield>
    <subfield code="d">35757</subfield>
  </datafield>
  <datafield tag="952" ind1=" " ind2=" ">
    <subfield code="0">0</subfield>
    <subfield code="1">0</subfield>
    <subfield code="2">ddc</subfield>
    <subfield code="4">0</subfield>
    <subfield code="7">0</subfield>
    <subfield code="8">003</subfield>
    <subfield code="a">MEVIECAR</subfield>
    <subfield code="b">MEVIECAR</subfield>
    <subfield code="d">2016-08-26</subfield>
    <subfield code="l">0</subfield>
    <subfield code="o">709.86 M87m9</subfield>
    <subfield code="p">30486</subfield>
    <subfield code="r">2016-08-26 00:00:00</subfield>
    <subfield code="t">Ej.1</subfield>
    <subfield code="w">2016-08-26</subfield>
    <subfield code="y">BK</subfield>
  </datafield>
</record>
